| 000 | 00922 a2200193 4500 | ||
|---|---|---|---|
| 001 | 35066 | ||
| 005 | 20260407155635.0 | ||
| 008 | 260407a1959 arg spa d | ||
| 003 | AR-UNSa-BCEJYS | ||
| 040 |
_aAR-UNSa-BCEJYS _bspa _cAR-UNSa-BCEJYS |
||
| 080 |
_a658.012.2 _xPlanificación. Programas. Planes. Medidas de apoyo a la planificación( Administración estratégica...) |
||
| 245 | 1 | 0 |
_aOrden, método y organización _pla práctica diaria de la organización |
| 264 | 1 |
_aBuenos Aires : _bSantiago Rueda _c1959 |
|
| 300 |
_a253 p. _c23 cm. |
||
| 505 | _a1. El éxito de la empresa y factores generales que lo condicionan - 2. Los elementos auxiliares de la organización - 3. El movimiento de materiales - 4. La producción o la ejecución - 5. Los resultados de la explotación - 6. Las funciones de la administración. | ||
| 942 | _cBK | ||
| 590 | _aniveau_biblio:m niveau_hierar:0 | ||
| 100 | 1 | _aLenner, Geroges de | |
| 999 |
_c2539 _d2539 |
||